LEADER 01452nam 2200397 n 450 001 996391371203316 005 20240201105408.0 035 $a(CKB)1000000000666322 035 $a(EEBO)2240867933 035 $a(UnM)99829848 035 $a(UnM)9928055300971 035 $a(EXLCZ)991000000000666322 100 $a19950629d1672 uy | 101 0 $alat 135 $aurbn#|||a|bb| 200 00$aPhædri Augusti Cæsaris liberti fabularum Æsopiarum libri quinque$b[electronic resource] $eEx recensione Christoph. VVase. in usum scholarum Angliæ 210 $aLondini $cexcudebat B.G. pro Ben. Took & prostant venales sub signo Navis in C?meiterio Divi Pauli$d1672 215 $a[6], 58 p 300 $aRunning title: Phædri fabularum. 300 $aAn adaptation by the Latin fabulist Phædrus of the Greek fables of Æsop. 300 $aReproduction of the original in the Bodleian Library. 330 $aeebo-0014 606 $aFables, Latin$vEarly works to 1800 606 $aFables, Greek$xAdaptions$vEarly works to 1800 615 0$aFables, Latin 615 0$aFables, Greek$xAdaptions 700 $aPhaedrus$0180711 701 $aWase$b Christopher$f1625?-1690.$0744074 801 0$bCu-RivES 801 1$bCu-RivES 801 2$bCStRLIN 801 2$bWaOLN 906 $aBOOK 912 $a996391371203316 996 $aPhædri Augusti Cæsaris liberti fabularum Æsopiarum libri quinque$93881326 997 $aUNISA LEADER 05952nam 22007575 450 001 9910918595603321 005 20260401094711.0 010 $a9783031685743 024 7 $a10.1007/978-3-031-68574-3 035 $a(CKB)37078330500041 035 $a(MiAaPQ)EBC31857837 035 $a(Au-PeEL)EBL31857837 035 $a(DE-He213)978-3-031-68574-3 035 $a(OCoLC)1485006515 035 $a(EXLCZ)9937078330500041 100 $a20241224d2024 u| 0 101 0 $aeng 135 $aur||||||||||| 181 $ctxt$2rdacontent 182 $cc$2rdamedia 183 $acr$2rdacarrier 200 10$aArtificial Intelligence and the Perspective of Autonomous Surgery /$fedited by Konrad Karcz, Zbigniew Nawrat, Andrew A. Gumbs 205 $a1st ed. 2024. 210 1$aCham :$cSpringer Nature Switzerland :$cImprint: Springer,$d2024. 215 $a1 online resource (275 pages) 225 0 $aMedicine Series 311 08$a9783031685736 327 $aPART ONE: FUNDAMENTALS OF ARTIFICIAL INTELLIGENCE SURGERY -- 1.1 -- Medical Robots and Minimally Invasive Surgery driven by Artificial Intelligence - MR&MIS AI -- 1.2. Importance of the Data in the Surgical Environment -- 1.3. The challenges of deep learning in artificial intelligence and autonomous actions in surgery -- 1.4. Towards autonomous robotic-assisted interventions ? the value of proximally placed audio sensors for surface and event characterization -- 1.5. Machine learning in surgery: Big Data -- 1.6. Artificial Intelligence and the Perspective of Autonomous Surgery: 3D Printing -- 1.7. Does Size Matter in Surgical Robots? -- 1.8. Promises and Perils of Artificial Intelligence in Surgery: The Critical Pathways for Successful Healthcare Outcomes -- 1.9. The Evolution of Minimally Invasive Robotic Surgery: Addressing Limitations and Forging Ahead? -- PART TWO: CLINICAL IMPLICATIONS -- 2.1. Artificial Intelligence for Medical Image Analysis: An Opportunity for Automation -- 2.2. Radiomics in Surgery: preoperative prediction of cancer in lung and other areas -- 2.3. Application of artificial intelligence based on preoperative and intraoperative imaging to hepatobiliary surgery -- 2.4. Limitations and opportunities of telemedicine -- 2.5. Revolution of Robotics and Automation in Vascular Surgery -- 2.6. Robotics for Visceral Surgery -- 2.7. Machine Learning assisting Robots -- 2.8. Does Level 5 Autonomy Already Exist in Surgery? -- PART THREE: Artificial Influence and Hospital Environment -- 3.1. Medical Training for Machines and Software -- 3.2. Surgery 4.0 in the Operating Room -- 3.3. Medical Authonomy: a Proposal for Modifying Regulation of Surgical Devices that Utilize Artificial Intelligence. 330 $aThis book has two heroes - the surgeon and the robot. The education system and intelligence can create a human who is specialized in surgery. While the accurate analysis of data with machine learning, AI, can create a more autonomous robot for surgery. Currently, robots still require human input in the decision-making loop, whether or not this will always be the case is an issue that still needs to be debated, analyzed and studied, preferably by computer scientists AND surgeons. Surgeons and their patients are increasingly opting for less invasive surgeries. However, among their many advantages, there is an important issue: less invasiveness always means limited access to direct information from the operating field (3D image, local palpation sensations, all information about the "whole" patient and feedback from the accompanying team during teleoperation). To increase precision, we are increasingly using surgical robots and mechatronic instruments. The less invasive the surgery and the greater the precision of robotic micro-instruments, the greater the role of artificial intelligence methods, especially machine learning, which supports the surgeon in making decisions, planning and performing the procedure. The development of artificial intelligence and further evidence of its effectiveness in various application fields mean that the work of a doctor is changing today. In the book, we address the issue of AI surgery, asking whether this means that an AI surgeon will be created? A key question about autonomous surgical robots will come up regularly: how far can we go with their autonomy while maintaining safe and effective procedures? The book provides useful information on both early successes, failures, and expectations related to the development of new technologies in surgery. It is a guide written by various experts, intended for a wide audience: from medical development planners, through students, to doctors and decision-makers. 606 $aSurgery 606 $aArtificial intelligence 606 $aHealth services administration 606 $aRobotics 606 $aAutomation 606 $aSurgery 606 $aArtificial Intelligence 606 $aHealth Care Management 606 $aRobotics 606 $aAutomation 606 $aIntel·ligència artificial$2thub 606 $aRobòtica en medicina$2thub 606 $aCirurgia$2thub 608 $aLlibres electrònics$2thub 615 0$aSurgery. 615 0$aArtificial intelligence. 615 0$aHealth services administration. 615 0$aRobotics. 615 0$aAutomation. 615 14$aSurgery. 615 24$aArtificial Intelligence. 615 24$aHealth Care Management. 615 24$aRobotics. 615 24$aAutomation. 615 7$aIntel·ligència artificial 615 7$aRobòtica en medicina 615 7$aCirurgia 676 $a617 700 $aKarcz$b W. Konrad$01859502 701 $aNawrat$b Zbigniew$01780948 701 $aGumbs$b Andrew A$01780949 801 0$bMiAaPQ 801 1$bMiAaPQ 801 2$bMiAaPQ 912 $a9910918595603321 996 $aArtificial Intelligence and the Perspective of Autonomous Surgery$94463352 997 $aUNINA